| 000 | 00474nam a2200205Ia 4500 | ||
|---|---|---|---|
| 005 | 20250425161735.0 | ||
| 008 | 250425s9999 xx 000 0 und d | ||
| 020 | _a9978801065 | ||
| 041 | _aspa | ||
| 082 | _a862.69866 | ||
| 100 | _aTOBAR GARCIA, FRANCISCO | ||
| 245 | 0 | _aTEATRO : TRILOGIA DEL MAR | |
| 250 | _a1A ED. | ||
| 260 |
_aEcuador _bLIBRESA _c1991 |
||
| 260 | _aQUITO | ||
| 300 | _a340 | ||
| 650 | _aTEATRO ECUATORIANO | ||
| 942 | _c01 | ||
| 010 | _a27047 | ||
| 999 |
_c215149 _d215149 |
||